000 00613nam a22002537a 4500
001 22681
003 UA-OsUOA
005 20210721153737.0
007 ta
008 20031223b un ||||| |||| 00| 0 ukr d
040 _aUA-OsUOA
_brus
_cUA-OsUOA
_dUA-OsUOA
041 _arus
044 _aRU
080 _a165
090 _a165
_bБ97
100 _aБэкон Ф.
245 _aСочинения: в двух томах
_cФ. Бэкон ; А.Л. Субботин
260 _aМосква
_bМысль
_c1972
300 _a582 с.
505 _gТ. 2
650 7 _2UDC
942 _cBK
_2udc
955 _a0
999 _c308907
_d308907